Ultimate Lord of the Rings Name Game - Statistics

General Stats
  • This quiz has been taken 174 times
    61 since last reset
  • The average score is 67 of 105
Answer Stats
# Hint Answer % Correct
2 Ring-bearing Hobbit Frodo
98%
8 Elven member of the fellowship Legolas
98%
1 Sorcerer, crafted the One Ring Sauron
98%
7 Known as Strider, descendent of Numenor Aragorn
96%
10 Captain of the White Tower Boromir
96%
12 Lord of Rivendell Elrond
96%
26 Niece of #24 Eowyn
96%
15 Elven sorceress Galadriel
96%
6 Wizard and maia, member of the fellowship Gandalf
96%
9 Dwarven member of the fellowship Gimli
96%
5 Best friend of #4, smarter of the two Merry
96%
4 He's a fool of a Took Pippin
96%
3 Gardener to #2 and best friend Samwise
96%
13 Daughter of #12 Arwen
94%
17 Brother of #10 Faramir
94%
19 Former Hobbit, twisted by the One Ring Gollum
94%
53 Traitorous wizard Saruman
94%
68 Son of #67 and #66 Theo
94%
24 King of Rohan Theoden
94%
11 Uncle to #2 Bilbo
92%
20 Alternative name for #19 Smeagol
92%
25 Nephew of #24 Eomer
90%
22 King of Gondor, defeated #1 Isildur
90%
30 Dwarven king-in-exile Thorin
90%
16 Lord of Lothlórien Celeborn
88%
59 He shall not pass Durin's Bane
88%
18 Steward of Gondor, father to #10 and #17 Denethor
86%
48 Dragon living within the Lonely Mountain Smaug
86%
50 Arachnid defender of Mordor Shelob
84%
64 Oldest Ent Treebeard
84%
35 Overweight dwarf Bombur
82%
39 Father of #9 Gloin
82%
55 Forest wizard Radagast
82%
32 White-haired member of Dwarf party, in the films Balin
80%
34 Flute playing comedic dwarf Bofur
80%
21 King of Gondor, slain by #1 Elendil
80%
54 Advisor to #24, mole Grima
80%
47 King of Woodland Realm, father of #8 Thranduil
80%
69 Dwarven king of Khazad-Dum during the Second Age Durin III
78%
70 Heir to #69 Durin IV
78%
31 The longest-living member of the Dwarven party Dwalin
78%
42 Brother of #41 Fili
78%
41 Dwarf smitten for #46 Kili
78%
60 Supreme immortal evil Morgoth
78%
61 Leader of the Nazgul Witch King
78%
49 Slayer of #48 Bard
76%
33 Dwarf with axe in forehead Bifur
76%
40 Deaf dwarf Oin
74%
80 Female nomadic hobbit Elanor
72%
45 Dwarven king-to-be who fought at the Battle of the Five Armies Dain
70%
38 Dwarf, brother of #36 Nori
70%
37 Slingshot wielding dwarf Ori
70%
72 Bright blue his jacket is and his boots are yellow Tom Bombadil
70%
51 Mother of #50, consumed all light Ungoliant
70%
56 High king of elves, present at Siege of Barad-Dur Gil-Galad
68%
52 Elven craftsmen of rings Celebrimbor
66%
36 Strongest member of dwarven party Dori
66%
65 Elven warrior slain at Helm's Deep Haldir
66%
44 Father to #28, tortured at Dol Gudur Thrain
66%
82 Can turn to a bear Beorn
62%
43 King, grandfather to #28 Thror
62%
102 Survived the 'Valley of Dreadful Death' & ancestor to #12 and #89 Beren
60%
79 Had some carrots and lettuces stolen Farmer Maggot
60%
95 Namesake for the mountainous fort of Rohan Helm Hammerhand
60%
58 Uruk-hai soldier, killed #10 Lurtz
60%
96 Deceased heir to #24 Théodred
60%
92 Crafted the silmarils Fëanor
58%
62 Deformed orc lieutenant Gothmog
58%
46 Female elven warrior from Mirkwood Tauriel
58%
86 Creator above the Valor Eru Ilúvatar
56%
75 Captain of Rohan Guard Hama
56%
28 Covetous cousin of #11 Lobelia
54%
83 Orc leader with clawed hand Azog
52%
74 Prince of Dol Armoth Imrahil
52%
77 Captain of Helm's Deep Garrison Gamling
50%
98 Mighty elf, re-embodied by the Valar Glorfindel
50%
84 Son of #83 Bolg
48%
89 Half-elven King of Numenor Elros
44%
29 Husband to #28 Otho
44%
99 First High King of the Ñoldor Fingolfin
42%
94 Deputy to #93 Alfrid
40%
14 Son of #7 Eldarion
40%
91 Unwise King of Numenor, led to the downfall Ar-Pharazôn
38%
27 Pseudonym used by #26 Dernhelm
36%
63 Wanted to eat Hobbit legs Grishnakh
36%
87 Lieutenant of the Tower of Barad-dûr Mouth of Sauron
32%
71 Wife to #70 Disa
30%
93 Leader of Lake Town The Master
30%
97 Brother of #15 Finrod
26%
105 Carrot eating drunk, Rohan soldier & pirate Peter Jackson
26%
67 Human lover of #66 Bronwyn
22%
76 Led the right flank at the Battle of Gondor Grimbold
22%
101 Greatest warrior amongst men in the First Age Húrin
22%
57 First elf turned to darkness Adar
20%
85 Grotesque and fleshy chieftain Great Goblin
20%
23 Daughter of #21 Earien
18%
88 Last King of Gondor before the stewards Eärnur
18%
90 Old bearded king, second last King of Numenor Tar-Palantir
18%
66 Elven warrior in the Second Age Arondir
16%
104 Frodo is great, but... Figwit
14%
103 Queen of Gondor that hired cats as spies Berúthiel
12%
78 Owner of the 'Prancing Pony' Barliman Butterbar
4%
73 True name for the King of the Dead Rioc
2%
81 Leader of the tribe #78 belongs to Sadoc
2%
100 Defeated #60 The Host of Valinor
0%
No matching quizzes found
Score Distribution
Percent of People with Each Score
Percentile by Number Answered
Your Score History
You have not taken this quiz since the last reset